Central Library OPAC University of Rajshahi

Anthropology & the colonial encounter / (Record no. 65249)

MARC details
000 -LEADER
fixed length control field 00861nam a2200265 a 4500
001 - CONTROL NUMBER
control field 65249
003 - CONTROL NUMBER IDENTIFIER
rucl marc code BD-RjUL
005 - DATE AND TIME OF LATEST TRANSACTION
control field 20211209081412.0
008 - FIXED-LENGTH DATA ELEMENTS--GENERAL INFORMATION
fixed length control field 170302s19751973enk b 001 0 eng d
020 ## - INTERNATIONAL STANDARD BOOK NUMBER
International Standard Book Number 0903729016 (pbk)
International Standard Book Number 0391003917 (paperback ed.)
035 ## - SYSTEM CONTROL NUMBER
System control number (BD-RjUL)65379
040 ## - CATALOGING SOURCE
Original cataloging agency BD-RjUL
Language of cataloging eng
Modifying agency BD-RjUL
Transcribing agency BD-RjUL
041 ## - LANGUAGE CODE
Language code of text/sound track or separate title eng
082 ## - DEWEY DECIMAL CLASSIFICATION NUMBER
Edition number 23
Classification number 306.0917241
Author mark and year ANT 1975
245 01 - TITLE STATEMENT
Title Anthropology & the colonial encounter /
Statement of responsibility, etc. edited by Talal Asad.
260 ## - PUBLICATION, DISTRIBUTION, ETC. (IMPRINT)
Place of publication, distribution, etc. London :
Name of publisher, distributor, etc. Ithaca Press ;
Place of publication, distribution, etc. N. J. :
Name of publisher, distributor, etc. Humanities Press ,
Date of publication, distribution, etc. c1973 [Reprint 1975].
300 ## - PHYSICAL DESCRIPTION
Pagination 281, [7] p. ;
Size 23 cm.
504 ## - BIBLIOGRAPHY, ETC. NOTE
Bibliography, etc ncludes bibliographies and index.
650 #0 - SUBJECT ADDED ENTRY--TOPICAL TERM
Topical term or geographic name as entry element Ethnology
General subdivision History
9 (RLIN) 193165
Topical term or geographic name as entry element Applied anthropology.
9 (RLIN) 193204
651 #0 - SUBJECT ADDED ENTRY--GEOGRAPHIC NAME
Geographic name Great Britain
General subdivision Colonies
9 (RLIN) 193166
700 ## - ADDED ENTRY--PERSONAL NAME
Personal name Asad, Talal, edit.
942 ## - ADDED ENTRY ELEMENTS (KOHA)
Source of classification or shelving scheme Dewey Decimal Classification
Koha item type Books
Holdings
Lost status Source of classification or shelving scheme Damaged status Not for loan Collection code Permanent Location Current Location Shelving location Date acquired Source of acquisition Total Checkouts Full call number Date last seen Copy number Koha item type
  Dewey Decimal Classification   Not For Loan Non-fiction Central Library, University of Rajshahi Central Library, University of Rajshahi Reading Room 28/08/1989 Asia Foundation, Dhaka   306.0917241 ANT 1975 02/03/2017 C-1 Books